Statistiques concernant Monnaies du monde 3 : Francs, dinars et autres monnaies communes à plusieurs pays

Cliquez ici pour prendre le quiz!

Statistiques générales

  • Ce quiz a été pris 34 fois
  • Le résultat moyen est 9 sur 51

Statistiques - réponses

MonnaiePays% Correct
DinarAlgérie
91%
RoupieInde
47%
DirhamMaroc
38%
DinarTunisie
38%
RiyalArabie Saoudite
28%
RoupieIndonésie
25%
FrancBénin
19%
DirhamEmirats arabes unis
19%
RialIran
19%
ShillingKénya
19%
DinarKoweit
19%
RialOman
19%
RoupieSeychelles
19%
RoupieSri Lanka
19%
ShillingTanzanie
19%
RialYemen
19%
DinarBahrein
16%
FrancBurkina Faso
16%
FrancBurundi
16%
FrancCameroun
16%
FrancComores
16%
FrancCôte d'Ivoire
16%
FrancDjibouti
16%
FrancGabon
16%
FrancGuinée
16%
FrancGuinée Bissau
16%
FrancGuinée équatoriale
16%
DinarIrak
16%
DinarJordanie
16%
DinarLibye
16%
FrancMali
16%
RoupieMaurice
16%
RoupieNépal
16%
RoupiePakistan
16%
RiyalQatar
16%
FrancSénégal
16%
DinarSerbie
16%
ShillingSomalie
16%
FrancSuisse
16%
FrancTchad
16%
FrancLiechtenstein
13%
FrancRépublique centrafricaine
13%
FrancRépublique démocratique du Congo
13%
FrancRwanda
13%
FrancTogo
13%
ManatAzerbaidjan
9%
FrancMadagascar
9%
FrancNiger
9%
ShillingOuganda
9%
FrancRépublique du Congo
9%
ManatTurkménistan
9%

Distribution des résultats

Percentile par nombre de réponses

% des personnes avec chaque résultat

Votre développement - résultats

Vous n’avez pas pris ce quiz